DreamWorks Films - Statistics

General Stats
  • This quiz has been taken 21 times
  • The average score is 20 of 51
Answer Stats
Year Film % Correct
2001 Shrek
79%
2004 Shrek 2
71%
1998 Antz
57%
2010 How to Train Your Dragon
57%
2025 How to Train Your Dragon
57%
2007 Shrek the Third
57%
2005 Madagascar
50%
2011 Puss in Boots
50%
2013 The Croods
50%
1998 The Prince of Egypt
50%
2000 The Road to El Dorado
50%
2007 Bee Movie
43%
2000 Chicken Run
43%
2006 Flushed Away
43%
2014 How to Train Your Dragon 2
43%
2019 How to Train Your Dragon: The Hidden World
43%
2008 Kung Fu Panda
43%
2011 Kung Fu Panda 2
43%
2016 Kung Fu Panda 3
43%
2004 Shark Tale
43%
2010 Shrek Forever After
43%
2003 Sinbad: Legend of the Seven Seas
43%
2002 Spirit: Stallion of the Cimarron
43%
2017 Captain Underpants: The First Epic Movie
36%
2015 Home
36%
2012 Madagascar 3: Europe's Most Wanted
36%
2008 Madagascar: Escape 2 Africa
36%
2010 Megamind
36%
2014 Mr. Peabody and Sherman
36%
2006 Over the Hedge
36%
2014 Penguins of Madagascar
36%
2022 Puss in Boots: The Last Wish
36%
2012 Rise of the Guardians
36%
2021 Spirit Untamed
36%
2017 The Boss Baby
36%
2020 The Croods: A New Age
36%
2024 The Wild Robot
36%
2013 Turbo
36%
2019 Abominable
29%
2025 Dog Man
29%
2024 Kung Fu Panda 4
29%
2009 Monsters vs Aliens
29%
2023 Ruby Gillman, Teenage Kraken
29%
2026 Shrek 5
29%
2022 The Bad Guys
29%
2016 Trolls
29%
2023 Trolls Band Together
29%
2020 Trolls World Tour
29%
2005 Wallace and Gromit: The Curse of the Were-Rabbit
29%
2025 The Bad Guys 2
21%
2021 The Boss Baby: Family Buisness
14%
No matching quizzes found
Score Distribution
Percent of People with Each Score
Percentile by Number Answered
Your Score History
You have not taken this quiz